STN EN 1012-1: 2001 (10 5012) [neplatná], Kompresory a vývevy. Požiadavky na bezpečnosť Časť 1 Kompresory

Táto národná norma je identická s EN 1012-1: 1996

Bibliographic Details
Main Author: Madár, Ján (Author)
Corporate Author: PRONORM (Piešťany, Slovensko) (Translator)
Other Authors: Chnapko, Rudolf (Translator)
Format: Book
Language:Slovak
English
PhysicalDescription:44 s. obr., tab. 30 cm
Published: Bratislava Slovenský ústav technickej normalizácie 2001
Subjects:

MARC

LEADER 00000nam a2200000 a 4500
001 vtls010651123
003 SK-MaSNL
005 20260301175202.0
008 160430s2001 xo a f u 000 0 slo
015 |a SNBN2015 
020 |c (cen. skup. 14) 
040 |a SNK  |b slo  |c SNK  |e AACR2 
041 1 |a slo  |h eng 
044 |a xo  |c SK 
046 |a m  |m 200101 (účin.)  |n [201209] (zruš.) 
072 7 |a 621  |x Strojárstvo  |2 konspekt 
080 |a 621.65  |2 2001 
080 |a 621.51  |2 2001 
080 |a 006.88  |2 2001 
080 |a (437.6)  |2 2001 
080 |a (4)  |2 2001 
080 |a (083)  |2 2001 
084 |a 23.140  |2 ICS 
130 0 |a STN 10 5012 (STN EN 1012-1) [neplatná]  |9 548712 
245 1 0 |a STN EN 1012-1: 2001 (10 5012) [neplatná], Kompresory a vývevy. Požiadavky na bezpečnosť  |n Časť 1  |p Kompresory 
246 1 0 |a Kompresory a vývevy 
246 1 0 |a Požiadavky na bezpečnosť 
246 1 0 |a Kompresory 
246 3 0 |a EN 1012-1: 1996 
260 |a Bratislava  |b Slovenský ústav technickej normalizácie  |c 2001 
300 |a 44 s.  |b obr., tab.  |c 30 cm 
500 |a Súbežný názov v angličtine, francúzštine, nemčine 
500 |a [Norma je nahradená normou STN EN 1012-1 z februára 2011 v celom rozsahu] 
500 |a Spracovateľ: PRONORM Piešťany, Rudolf Chnapko ; SÚTN Bratislava Ján Madár 
504 |a Citované normy, súvisiace normy a súvisiace právne predpisy s. [1]-2 ; literatúra s. 36-37 
520 8 |a Táto národná norma je identická s EN 1012-1: 1996 
540 |a STN vydané na akomkoľvek nosiči sa môžu rozmnožovať a rozširovať iba so súhlasom určenej právnickej osoby  |b SÚTN Bratislava  |c zákon 264/1999 Z.z. 
650 0 7 |a čerpadlá  |2 SNKPH  |9 21104 
650 0 7 |a kompresory  |2 SNKPH  |9 70312 
650 0 7 |a technické normy a štandardy  |z Slovensko  |2 SNKPH  |9 79594 
650 0 7 |a technické normy a štandardy  |z krajiny Európskej únie  |2 SNKPH  |9 289341 
650 0 7 |a Pumps  |2 SNKPHeng  |9 304324 
650 0 7 |a Compressors  |2 SNKPHeng  |9 267851 
655 7 |a normy  |2 SNKPH  |9 70643 
700 1 |a Chnapko, Rudolf  |4 trl  |9 314690 
700 1 |a Madár, Ján  |4 aut  |9 271429 
710 2 |a Slovenský ústav technickej normalizácie  |4 stn  |9 32706 
710 2 |a PRONORM (Piešťany, Slovensko)  |4 trl  |9 314691 
852 |a Štátna vedecká knižnica v Banskej Bystrici 
958 |a OP 
958 |a NB 
999 |c 842004  |d 843934 
952 |a SNK  |b SNK  |y PREZ  |7 0  |p 17A1135524  |o snkSTN EN 1012-1  |i snk2015/3208  |8 0  |0 0  |1 0  |4 0  |d 2015-01-30  |l 0  |r 2026-02-24 04:14:57  |w 2026-02-24 
952 |a SNK  |b SNK  |y PREZ  |7 0  |p 17A1135504  |o snkSTN EN 1012-1 D1  |i snk2015/3209  |8 0  |0 0  |1 0  |4 0  |d 2015-01-30  |l 0  |r 2026-02-24 04:14:57  |w 2026-02-24